000 00625nam a22001817a 4500
005 20260303123348.0
008 260303b |||||||| |||| 00| 0 eng d
020 _a9789387791169
040 _cVITAP
082 _223
_a780.954 RAV
100 _aRavi, N Ed.
_917178
245 _aThe Hindu Speaks on Music
_c/ N. Ravi Ed.
260 _aChennai
_bTHG Publishing Pvt. Ltd.
_c2018
300 _axvi, 656p, ill.: 21cm
500 _aIt include index pages
650 0 _aCarnatic Music, Hindustani Classical Music, Music Personalities, Music Criticism & Reviews, Music Theory & Forms, Instruments etc.
_917179
942 _2ddc
_cREF
999 _c47315
_d47315